00402pab a2200133 454500008004000000100002000040245008400060260000900144300001300153362000800166650001600174700002700190773005100217180718b2012 xxu||||| |||| 00| 0 eng d aMandal, Kaushik aHospitality management education: A study based on exploratory factors analysis c2012 ap.89-94. aJan aHospitality aBanerje, Chandan Kumar aSouth Asian Journal of Socio-Political Studies